00752cam a2200205 a 450000100100000000500170001000800410002704000470006808200250011510000320014024501250017225000110029726000320030830000280034050400570036865000260042565000230045165100390047470000330051300001140720200929162437.0091016s1967 mx 001 0 spa d aDO-SdBNPbspacBNPHUdCatalogación noche a917.972bG216c, 19671 aGarcía Leucona, Herlinda.10aCuaderno de trabajo de geografía de la república mexicana /cHerlinda García Leucona, Victoria Andrade de Herrera. a2a ed. aMéxico :bHerrero,c1967. a216 p. :bil. ;c26 cm. aIncluye índice de contenido e índice de imagenes 4aGeografíazMéxico 4aHistoriazMéxico 4aMéxicoxVida Social Y Costumbres1 aAndrade de Herrera, Victoria